000 00634cam a2200205 4500
005 20260126114503.0
008 260126b sp|||||||| |||| 00| 0 spa d
020 _a8474326192
050 0 4 _aKJT4890
_bN67 1997
245 0 3 _aLa normatividad del derecho /
_cpor Aulis Aarnio, Ernesto Garzon Valdes, Jyrki Uusitalo, comps.
250 _a1a ed.
260 _aBarcelona :
_bGedisa,
_c1997
300 _a262 p. ;
_c23 cm.
490 0 _aDerecho, Filosofía del Derecho
504 _aIncluye bibliografias
650 4 _aDerecho
_xMetodología
650 4 _aDerecho
_xFilosofía
700 1 _aAarnio, Aulis,
_ecomp.
942 _2lcc
_cLIB
999 _c118086
_d118086